The first world war in fiction
Guardado en:
| Autor principal: | |
|---|---|
| Formato: | Libro |
| Lenguaje: | Undetermined |
| Publicado: |
Londres, Inglaterra
The Macmillan Press
1976
|
| Materias: | |
| Etiquetas: |
Agregar Etiqueta
Sin Etiquetas, Sea el primero en etiquetar este registro!
|
MARC
| LEADER | 00000nam a2200000Ia 4500 | ||
|---|---|---|---|
| 008 | 170316s9999 xx 000 0 und d | ||
| 040 | |a cru BVZT | ||
| 090 | |a 820 K-3f | ||
| 100 | |a Klein, Holger | ||
| 245 | 4 | |a The first world war in fiction | |
| 260 | |a Londres, Inglaterra | ||
| 260 | |b The Macmillan Press | ||
| 260 | |c 1976 | ||
| 300 | |a 246 páginas | ||
| 650 | |a LITERATURA INGLESA | ||
| 999 | |c 6969 |d 6969 | ||
| 942 | |c 15 D |h 820 K-3f |2 z | ||
